Statistics for Calvinzyklus

Click here to take the quiz!

General Stats

  • This quiz has been taken 9 times
  • The average score is 4 of 18

Answer Stats

HintAnswer% Correct
Wie viel GAP braucht man um eine vollständige Zucker Synthese zu haben?6
100%
Abschnitt 1CO2-Fixierung
50%
Abschnitt 2Reduktion
50%
Abschnitt 3Regeneration
50%
Das Enzym, das die CO2-Fixierung katalysiertRubisco
50%
Wie viel C-Atomen hat der instabile Zwischenprodukt der 1 Teil?6
25%
Was versteht man unter CO2-fixierung?Chemisch gebunden werden
25%
Was würde zusammen mit der 1,3 B...?GAP
25%
Woher stamm die ATP der Reduktion?Lichtabhängige Reaktion
25%
Akzeptormolekül für CO2RuBP
25%
Was entsteht dann phosphorylierung der Phosphoglycerinsäure?1,3 Bisphosphoglycerat
0%
Was wurde regeneriert?1 RuBP molekül
0%
Wie hieBen die 2 C3 Körper im CO2 Fixierung?3-Phosphoglycerat oder Phosphoglycerinsäure
0%
In was würde ATP abgebaut?ADP+P+Energie
0%
Wurde genutzt, um der Synthese vn RuMP zu führenAldehygruppe
0%
Wofür nutzt man die neue Energie aus die ATP im Reduktion?Phosphorylierung
0%
Mit was wurde das RuMP ins RuBP übergeträgt?Spaltung von ATP in ADP+P
0%
Was verliert die NADPH beim Reduktion?zwei Elektronen und ein H+-Proton
0%

Score Distribution

Percentile by Number Answered

Percent of People with Each Score

Your Score History

You have not taken this quiz